| 000 | 00852cam a22002893a 4500 | ||
|---|---|---|---|
| 001 | 10655 | ||
| 003 | PGUSA | ||
| 005 | 20140828083227.0 | ||
| 008 | 040101s2004||||xxu|||||s|||||000 | eng d | ||
| 040 |
_aPGUSA _beng |
||
| 042 | _adc | ||
| 050 | 4 | _aCT | |
| 050 | 4 | _aQB | |
| 100 | 1 |
_aAiry, George Biddell, _d1801-1892 |
|
| 245 | 1 | 0 |
_aAutobiography of Sir George Biddell Airy _h[electronic resource] / _cGeorge Biddell Airy |
| 260 |
_bProject Gutenberg, _c2004 |
||
| 506 | _aPublic domain in the USA. | ||
| 516 | _aElectronic text | ||
| 653 | _aAutobiographies | ||
| 653 | _aAiry, George Biddell, 1801-1892 | ||
| 653 | _aAstronomers -- Great Britain -- Biography | ||
| 653 | _aRoyal Greenwich Observatory | ||
| 700 | 1 | _aAiry, Wilfrid | |
| 830 | 0 |
_aProject Gutenberg _v10655 |
|
| 856 | 4 | 0 | _uhttp://www.gutenberg.org/ebooks/10655 |
| 942 | _cEB | ||
| 999 |
_c239910 _d239910 |
||